000 00719nam a22002417a 4500
005 20170124110049.0
010 _a754491
020 _c00.00
035 _a754491
037 _bCen Lib/Ret
040 _aDPL
_bEN
082 _a726.1
_bSAH
100 _aSahai, Bhagwant
_925112
245 _aIconography of minor hindu and buddhist deities /
_cby Bhagwant Sahai
260 _aNew Delhi
_bAbhinav Publications
_c1975
270 _aE-37,Hauz Khas
_bNew Delhi
_e110016
300 _a290p.
_c23cm(Hb)
500 _aIncludes bibliographical reference and index
650 _aBuddhist gods in art
_925113
650 _aHindu gods in art
_925114
700 _924988
942 _2ddc
_cEN
_h726.1
_mSAH
999 _c129015
_d129015